00516 2200193 4500001002100000005001500021035002000036007000300056008004100059020001500100082000800115084001400123100001100137245008800148250001100236260003300247300002800280990001400308INLIS00000000000705720210309095023 a0010-0321000427ta210309 g 0 ind  a9793256052 a321 a321 RUM m0 aRumadi1 aMasyarakat Post - Teologi :bWajah Baru Agama dan Demokratisasi Indonesia /cRumadi aCet. 1 aBekasi :bGugus Press,c2002 a308 hlm :b. ;c23,5 cm a1071198 a